000 00535cam a22002171 4500
001 sa 67001587
003 DLC
005 20260227112324.0
008 941024s1966 ii 000 0 beno
010 _asa 67001587
025 _aPL480:EP-B-1119
035 _a(OCoLC)31349446
040 _aDLC
_cCU
_dCU
_dDLC
050 0 0 _aBS580.M6
_bR26
100 1 _aRahman, Kazi Mohhammad Golam.
245 1 0 _aHajarata Musā.
260 _c[1966]
300 _a138 p.
_c23 cm.
500 _aIn Bengali.
600 0 0 _aMoses
_c(Biblical leader)
999 _c72740
_d72740